Statistics for The Who Songs on the Billboard Hot 100 (USA)

Click here to take the quiz!

General Stats

  • This quiz has been taken 43 times
  • The average score is 9 of 26

Answer Stats

Peak Chart Position, YearAnswer% Correct
74, 1966My Generation
88%
14, 1978Who Are You
78%
19, 1969Pinball Wizard
75%
15, 1971Won't Get Fooled Again
72%
9, 1967I Can See For Miles
69%
34, 1971Behind Blue Eyes
63%
25, 1968Magic Bus
47%
93, 1965I Can't Explain
44%
16, 1976Squeeze Box
44%
18, 1981You Better You Bet
41%
24, 1967Happy Jack
31%
45, 19795:15
25%
68, 1983Eminence Front
25%
44, 1970The Seeker
25%
12, 1970See Me, Feel Me
22%
37, 1969I'm Free
19%
17, 1972Join Together
19%
51, 1967Pictures of Lily
19%
27, 1970Summertime Blues
19%
28, 1982Athena
16%
84, 1981Don't Let Go The Coat
16%
39, 1973The Relay
16%
54, 1979Long Live Rock
13%
76, 1973Love, Reign O'er Me
13%
92, 1974The Real Me
13%
40, 1968Call Me Lightning
6%

Score Distribution

Percentile by Number Answered

Percent of People with Each Score

Your Score History

You have not taken this quiz